| Tag |
First Indicator |
Second Indicator |
Subfields |
| LEADER |
00000cam a2200000 4500 |
| 001 |
in00001145813 |
| 005 |
20150930094759.0 |
| 008 |
770507s1964 enka 000 0 eng d |
| 010 |
|
|
|a 66036378
|
| 035 |
|
|
|a (OCoLC)02947336
|
| 035 |
|
|
|9 AGB3835AM
|
| 040 |
|
|
|a DMM
|c DMM
|d m.c.
|d OCL
|d SER
|d AZU
|d UtOrBLW
|
| 041 |
1 |
|
|a eng
|a ita
|
| 049 |
|
|
|a TXAM
|
| 090 |
|
|
|a D763.I8
|b B43 1964
|
| 092 |
|
|
|a 940.54
|b B444D
|
| 100 |
1 |
|
|a Bellini delle Stelle, Pier Luigi.
|
| 245 |
1 |
0 |
|a Dongo :
|b the last act /
|c by Pier Luigi Bellini delle Stelle & Urbano Lazzaro ; translated by W.C. Darwell.
|
| 264 |
|
1 |
|a London :
|b Macdonald,
|c [1964]
|
| 300 |
|
|
|a 187 pages :
|b illustrations
|
| 336 |
|
|
|a text
|b txt
|2 rdacontent
|
| 337 |
|
|
|a unmediated
|b n
|2 rdamedia
|
| 338 |
|
|
|a volume
|b nc
|2 rdacarrier
|
| 500 |
|
|
|a First published in Italian under the title Dongo ultima azione in 1962.
|
| 650 |
|
0 |
|a World War, 1939-1945
|z Italy.
|
| 600 |
1 |
4 |
|a Mussolini, Benito,
|d 1883-1945.
|
| 700 |
1 |
|
|a Lazzaro, Urbano.
|
| 999 |
|
|
|a MARS
|
| 999 |
f |
f |
|s 10784383-a017-3b95-a1aa-843aedb667e5
|i 76804473-ff82-3bf6-8832-5e7df3c4f9bf
|t 0
|
| 952 |
f |
f |
|p ric
|a Texas A&M University
|b Rellis Campus
|c Joint Library Facility
|d Remote Storage
|t 0
|e D763.I8 B43 1964
|h Library of Congress classification
|i unmediated -- volume
|m A14817629008
|
| 998 |
f |
f |
|a D763.I8 B43 1964
|t 0
|l Remote Storage
|